00682nam a22002177a 450000500170000001000130001702000100003003500130004003700160005308200130006910000230008224500730010524600560017826000630023427000470029730000200034465000210036465000410038565000200042665000180044620200528145852.0 aA-391743 c50.00 aA-391743 bCen Lib/Ret a954.0841 aمجیب اشرف  aجدید ہندی کے سیکولر معمار /cمجیب اشرف  aJadeed hindi ke secular maimar /bby Mujeeb Ashraf  aنیی دہلی bمکتبہ جامہ لمیٹڈ c1989 ء bنیی دہلی aجامہ نگر e110025 a256p.c21cm(Hb) aادب ہندی  aہندی سیکولر -- معمار  aHindi literaure aHindi secular